| 000 | 01053cam a2200289 a 4500 | ||
|---|---|---|---|
| 001 | 4473865 | ||
| 003 | OSt | ||
| 005 | 20140310182108.0 | ||
| 008 | 961231s1997 dcuab b 001 0 eng | ||
| 010 | _a 96054853 | ||
| 020 | _a0792242319 (deluxe) | ||
| 020 | _a0792236513 (reg.) | ||
| 040 |
_aDLC _cDLC _dDLC |
||
| 050 | 0 | 0 |
_aG500 _b.I87 1997 |
| 082 | 0 | 0 |
_aHS 910.914 _bIs4 1994 |
| 245 | 0 | 0 |
_aIslands lost in time / _cprepared by the Book Division, National Geographic Society. |
| 260 |
_aWashington, D.C. : _bThe Society, _cc1997. |
||
| 300 |
_a200 p. : _bcol. ill., col. maps ; _c26 cm. |
||
| 504 | _aIncludes bibliographical references (p. 200) and index. | ||
| 521 | _aFirst year to Fourth year students | ||
| 650 | 0 |
_aIslands. _913237 |
|
| 710 | 2 |
_aNational Geographic Society (U.S.). _bBook Division. _913238 |
|
| 906 |
_a7 _bcbc _corignew _d1 _eocip _f19 _gy-gencatlg |
||
| 942 |
_2lcc _cHS |
||
| 999 |
_c9329 _d9329 |
||